| 000 | 00912nas a2200289 4500 | ||
|---|---|---|---|
| 001 | BR0900520 | ||
| 003 | BR-BrBNA | ||
| 005 | 20231205113039.0 | ||
| 007 | ta | ||
| 008 | 230509b bl.|||p| |||| 00| 00por d | ||
| 040 |
_aBR-BrBNA _bpor _cBiblioteca Nacional de Agricultura |
||
| 041 | _a(Pt) | ||
| 072 | _aL70 | ||
| 100 | 1 | _aBatista, C.F. | |
| 100 | 1 | _aLibera, A.M.M.P.D. | |
| 100 | 1 | _aBlagitz, M.G. | |
| 100 | 1 | _aAzedo, M.R. | |
| 100 | 1 | _aStricagnolo, C.R. | |
| 100 | 1 | _aSucupira, M.C.A. | |
| 245 | 1 | _aEfeito de medicamento à base de cefalônio anidro indicado para o tratamento de mastite bovina no período seco sobre os índices de fagocitose | |
| 650 | _aBOVINO | ||
| 650 | _aMEDICAMENTO | ||
| 650 | _aMAMITE | ||
| 773 | 0 |
_tA Hora Veterinária (Brazil) _xISSN 0101-9163 _g(Jul-Aug 2007), v. 27(158) p. 17-20 _wBR0900520 |
|
| 909 |
_a202311 _bLúcia _c55 _dLúcia Elande |
||
| 942 |
_2AGRIS _n0 _cANA |
||
| 999 |
_c201518 _d201518 |
||